|
|
|
|
| LEADER |
00626cam a2200157 7i4500 |
| 001 |
0000028249 |
| 005 |
20121017090000.0 |
| 090 |
0 |
0 |
|a M 338.94706
|b MOV
|
| 245 |
0 |
0 |
|a Moving up the value chain :
|b a study of Malaysia's solar and medical device industries :
|b a study of Malaysia's solar and medical device industries :
|b final report 2011.
|
| 260 |
0 |
0 |
|a [S.l]:
|b The World Bank,
|c 2011.
|
| 300 |
# |
# |
|a 85 p.
|
| 650 |
0 |
0 |
|a Medical instrument and apparatus --
|z Malaysia
|
| 650 |
0 |
0 |
|a Solar energy --
|z Malaysia
|
| 650 |
0 |
0 |
|a Medical devices --
|z Malaysia
|
| 651 |
0 |
0 |
|a Malaysia
|
| 999 |
|
|
|a 0000030605
|b Book
|c Countries
|e Business Information Centre
|